MARC

Tag First Indicator Second Indicator Subfields
LEADER 00000cam a2200000Ii 4500
001 in00003496310
006 m o d
007 cr cnu---unuuu
008 141016s2014 vau ob 001 0 eng d
005 20250816204713.2
020 |z 9780813936147 
020 |z 0813936144 
020 |a 9780813936154  |q electronic bk. 
020 |a 0813936152  |q electronic bk. 
035 |a (NhCcYBP)ebr10949305 
040 |a NhCcYBP  |c NhCcYBP  |d UtOrBLW 
043 |a n-us-ga 
050 4 |a LC2803.A85  |b D75 2014 
072 7 |a EDU  |x 001000  |2 bisacsh 
072 7 |a EDU  |x 036000  |2 bisacsh 
082 0 4 |a 371.829/960758231  |2 23 
100 1 |a Driskell, Jay Winston,  |d 1973- 
245 1 0 |a Schooling Jim Crow :  |b the fight for Atlanta's Booker T. Washington High School and the roots of Black protest politics /  |c Jay Winston Driskell Jr. 
264 1 |a Charlottesville :  |b University of Virginia Press,  |c 2014. 
300 |a 1 online resource. 
336 |a text  |b txt  |2 rdacontent 
337 |a computer  |b c  |2 rdamedia 
338 |a online resource  |b cr  |2 rdacarrier 
490 1 |a Carter G. Woodson Institute series 
588 0 |a Print version record. 
504 |a Includes bibliographical references and index. 
505 0 |a "Manhood rights" : progress and the politics of respectability, 1899-1906 -- "To humiliate the progressive Negro" : the Atlanta race riot of 1906 -- "Respectable militants" : the Neighborhood Union and the transformation of the politics of respectability, 1908-1913 -- "Close ranks" : World War I as a crucible for Black solidarity, 1913-1919 -- "A satisfied part of our composite citizenship" : the fight for Booker T. Washington High School, 1918-1924 -- Epilogue: "Self-determination at the ballot box". 
500 |a Electronic resource. 
650 0 |a African Americans  |x Education  |z Georgia  |z Atlanta  |x History  |y 20th century. 
610 2 0 |a Booker T. Washington High School (Atlanta, Ga.)  |x History  |y 20th century. 
650 0 |a African American schools  |z Georgia  |z Atlanta  |x History  |y 20th century. 
650 0 |a Segregation in education  |z Georgia  |z Atlanta  |x History  |y 20th century. 
650 0 |a African Americans  |x Segregation  |z Georgia  |z Atlanta  |x History  |y 20th century. 
650 0 |a African Americans  |x Civil rights  |z Georgia  |z Atlanta  |x History  |y 20th century. 
610 2 0 |a National Association for the Advancement of Colored People  |x History  |y 20th century. 
650 0 |a African Americans  |z Georgia  |z Atlanta  |x Politics and government  |y 20th century. 
650 0 |a Protest movements  |z Georgia  |z Atlanta  |x History  |y 20th century. 
651 0 |a Atlanta (Ga.)  |x Race relations  |x History  |y 20th century. 
655 7 |a Electronic books.  |2 local 
710 2 |a ebrary, Inc. 
776 1 8 |i Print version:  |a Driskell, Jay Winston, 1973-  |t Schooling Jim Crow  |z 9780813936147  |w (DLC) 2014009609 
830 0 |a Carter G. Woodson Institute series. 
856 4 1 |u https://ebookcentral.proquest.com/lib/tamucs/detail.action?docID=3444182  |y Connect to the full text of this electronic book  |t 0 
955 |a YBP purchased approval e-records 
999 f f |s ed539ecf-59af-38b0-87cb-92144e1b83a7  |i 0be2157b-cba1-3def-8df2-68cc33e9b5b3  |t 0 
999 |a MARS 
952 f f |a Texas A&M University  |b College Station  |c Electronic Resources  |d Available Online  |t 0  |e LC2803.A85 D75 2014  |h Library of Congress classification 
998 f f |a LC2803.A85 D75 2014  |t 0  |l Available Online